00571nam a2200133Ia 4500008004100000100002500041245012500066260003300191300001700224650001900241856008500260999001900345952007300364160712s9999 xx 000 0 und d aTablazon, Christian. cChristian TablazonaQuotidian minutiae as (sub)alter-narrative: Negotiations on history in Raya Martin’s Independencia c2012bSocial Science Diliman avol. 8 no. 1 xSOCIAL SCIENCE uhttp://journals.upd.edu.ph/index.php/socialsciencediliman/issue/view/346/showToc c297499d297499 001040aCLbCLd2016-07-12l0r2016-07-12 00:00:00w2016-07-12yFEJ